书目信息 |
| 题名: |
中国可持续发展总纲
|
|
| 作者: | 路甬祥 总主编 ;张文驹 卷主编 | |
| 分册: | 第9卷 中国矿产资源与可持续发展 | |
| 出版信息: | 北京 科学出版社 2007 |
|
| 页数: | 335页 | |
| 开本: | 31cm | |
| 丛书名: | ||
| 单 册: | ||
| 中图分类: | F426.1 , P624 , X22 | |
| 科图分类: | ||
| 主题词: | 可持续发展--研究--中国 , 矿产资源--可持续发展--研究--中国 , 环境--综合研究 | |
| 电子资源: | ||
| ISBN: | 978-7-03-017584-7 | |
| 000 | 01503nam0 2200325 450 | |
| 001 | 012004126821 | |
| 005 | 20070811102504.79 | |
| 010 | @a978-7-03-017584-7@b精装@dCNY85.00 | |
| 100 | @a20070417d2007 em y0chiy0110 ea | |
| 101 | 0 | @achi |
| 102 | @aCN@b110000 | |
| 105 | @afa z 000yy | |
| 106 | @ar | |
| 200 | 1 | @a中国可持续发展总纲@Azhong guo ke chi xu fa zhan zong gang@Azhong guo ke chi xu fa zhan zong gang@dThe overview of China's sustainable development@h第9卷@i中国矿产资源与可持续发展@Izhong guo kuang chan zi yuan yu ke chi xu fa zhan@f路甬祥总主编@Flu yong xiang zong zhu bian@g张文驹[卷]主编@Gzhang wen ju [ juan ] zhu bian@zeng |
| 210 | @a北京@c科学出版社@d2007 | |
| 215 | @a335页@c图,彩图@d31cm | |
| 300 | @a“十一五”国家重点图书出版规划项目 | |
| 330 | @a本书以国内资源条件及矿业发展形势分析为基础,以全球资源分布为参照系,讨论了在经济全球化背景下矿产品供给及矿产资源接替对于经济社会可持续发展的保障问题。 | |
| 510 | 1 | @aOverview of China's sustainable development@zeng |
| 517 | 1 | @a中国矿产资源与可持续发展@Azhong guo kuang chan zi yuan yu ke chi xu fa zhan@AZhong Guo Kuang Chan Zi Yuan Yu Ke Chi Xu Fa Zhan |
| 606 | 0 | @a可持续发展@x研究@y中国 |
| 606 | 0 | @a矿产资源@x可持续发展@x研究@y中国 |
| 606 | 0 | @a环境@x综合研究 |
| 690 | @aF426.1@v4 | |
| 690 | @aP624@v4 | |
| 690 | @aX22@v3 | |
| 701 | 0 | @a路甬祥@Alu yong xiang@Alu yong xiang@4总主编 |
| 702 | 0 | @a张文驹@Azhang wen ju@AZhang Wen Ju@4卷主编 |
| 801 | 0 | @aCN@b110019@c20070811 |
| 905 | @dX22@e113:9@f1 | |
| 中国可持续发展总纲=The overview of China's sustainable development.第9卷.中国矿产资源与可持续发展/路甬祥总主编/张文驹[卷]主编.-北京:科学出版社,2007 |
| 335页:图,彩图;31cm |
| “十一五”国家重点图书出版规划项目 |
| ISBN 978-7-03-017584-7(精装):CNY85.00 |
| 本书以国内资源条件及矿业发展形势分析为基础,以全球资源分布为参照系,讨论了在经济全球化背景下矿产品供给及矿产资源接替对于经济社会可持续发展的保障问题。 |
| ● |
| 相关链接 |
|
|
|
|
正题名:中国可持续发展总纲
索取号:X22/113:9
 
预约/预借
| 序号 | 登录号 | 条形码 | 馆藏地/架位号 | 状态 | 备注 |
| 1 | 0852950 | 208529500 | 第二样本阅览室/ [索取号:X22/113:9] | 在馆 |